Bauddhālōkayen mā dutu Gandhāraya. (Record no. 89313)

MARC details
000 -LEADER
fixed length control field 00762cam a22002651 4500
001 - CONTROL NUMBER
control field sa 68020240
003 - CONTROL NUMBER IDENTIFIER
control field DLC
005 - DATE AND TIME OF LATEST TRANSACTION
control field 20260227112723.0
008 - FIXED-LENGTH DATA ELEMENTS--GENERAL INFORMATION
fixed length control field 890626s1966 ce b 000 0 sino
010 ## - LIBRARY OF CONGRESS CONTROL NUMBER
LC control number sa 68020240
035 ## - SYSTEM CONTROL NUMBER
System control number (OCoLC)19926135
040 ## - CATALOGING SOURCE
Original cataloging agency DLC
Transcribing agency WaU
Modifying agency DLC
042 ## - AUTHENTICATION CODE
Authentication code premarc
043 ## - GEOGRAPHIC AREA CODE
Geographic area code a-pk---
050 00 - LIBRARY OF CONGRESS CALL NUMBER
Classification number BQ400.P35
Item number P475
100 1# - MAIN ENTRY--PERSONAL NAME
Personal name Maitipe, Sirisena.
245 10 - TITLE STATEMENT
Title Bauddhālōkayen mā dutu Gandhāraya.
260 ## - PUBLICATION, DISTRIBUTION, ETC.
Date of publication, distribution, etc. 1966.
300 ## - PHYSICAL DESCRIPTION
Extent xxxix, 488 p.
Dimensions 22 cm.
500 ## - GENERAL NOTE
General note In Sinhalese.
504 ## - BIBLIOGRAPHY, ETC. NOTE
Bibliography, etc. note Bibliography: p. 451-462.
650 #0 - SUBJECT ADDED ENTRY--TOPICAL TERM
Topical term or geographic name entry element Buddhism
Geographic subdivision Pakistan
-- Peshawar District
General subdivision History.
650 #0 - SUBJECT ADDED ENTRY--TOPICAL TERM
Topical term or geographic name entry element Buddhist literature
Geographic subdivision Pakistan
-- Peshawar District
General subdivision History and criticism.
740 0# - ADDED ENTRY--UNCONTROLLED RELATED/ANALYTICAL TITLE
Uncontrolled related/analytical title Mā dutu Gandhāraya.

No items available.

Powered by Koha